La ciudad del capital y otros escritos /

Zapisane w:
Opis bibliograficzny
1. autor: Folin, Marino (autor)
Format: Książka
Język:hiszpański
Wydane: Barcelona, España : Gustavo Gili, 1976, c1976
Seria:(Ciencia Urbanística ; 18)
Hasła przedmiotowe:
Etykiety: Dodaj etykietę
Nie ma etykietki, Dołącz pierwszą etykiete!

MARC

LEADER 00000nam^a2200000^a^4500
001 000121358
005 20250521000000.0
009 20260310094423.663
037 |a Acervo ITESO - Biblioteca 
041 |a ESP 
082 |a 720. 1  |b FOL 
100 |a Folin, Marino  |e (autor) 
245 1 3 |a La ciudad del capital y otros escritos /  |c M. Folin ; introd. de M. Lorenzo Calabi ; tr. por Juan Díaz de Atauri. 
264 4 |a Barcelona, España :  |b Gustavo Gili,  |c 1976, c1976 
300 |a 244 p. 
336 |a texto  |b txt  |2 rdacontenido 
337 |a sin mediación  |b n  |2 rdamedio 
338 |a volumen  |b nc  |2 rdasoporte 
440 1 |a (Ciencia Urbanística ;  |v 18) 
649 |a XX 
650 |a Arquitectura -  |x Teoría 
650 |a Urbanismo -  |x Teoría 
650 |a Marxismo 
650 |a Capitalismo 
910 |a Fondo General 
920 |a Impresos - Libros 
930 |a Colección General 
905 |a 101 
901 |a 0500055942  |b IT1  |c ACC  |u 20250521 
901 |a 0500055945  |b IT1  |c ACC  |u 20250521 
902 |a https://opac.biblio.iteso.mx/vufind/Record/000121358